Common ground : Islam, Christianity and Religious Pluralism (Record no. 22437)
[ view plain ]
| 000 -LEADER | |
|---|---|
| fixed length control field | 00835cam a2200181 a 4500 |
| 020 ## - INTERNATIONAL STANDARD BOOK NUMBER | |
| ISBN | 9781589015074 (alk. paper) |
| 020 ## - INTERNATIONAL STANDARD BOOK NUMBER | |
| ISBN | 158901507X (alk. paper) |
| 082 00 - DEWEY DECIMAL CLASSIFICATION NUMBER | |
| Classification number | 261.27 |
| Author Cutter | HEC |
| 100 1# - MAIN ENTRY--AUTHOR NAME | |
| Author name | Heck, Paul L. |
| 245 10 - TITLE STATEMENT | |
| Title | Common ground : Islam, Christianity and Religious Pluralism |
| 260 ## - PUBLICATION, DISTRIBUTION, ETC. (IMPRINT) | |
| Place of publication | Washington, D.C. : |
| Name of publisher | Georgetown University Press, |
| Year of publication | c2009. |
| 300 ## - PHYSICAL DESCRIPTION | |
| Number of Pages | x, 240 p. : |
| Other physical details | ill. ; |
| 505 0# - FORMATTED CONTENTS NOTE | |
| Formatted contents note | Introduction: Religious pluralism today -- Does the Qur'an belong in the Bible? -- How much good news can we take? -- The face of God : a social good? -- Jihad : is it Christian too? -- Islam : more or less democratic than Christianity? -- God's rights : a threat to human rights? -- Conclusion: Islam : not a separate species. |
| 650 #0 - SUBJECT ADDED ENTRY--TOPICAL TERM | |
| Topical Term | Islam |
| 650 #0 - SUBJECT ADDED ENTRY--TOPICAL TERM | |
| Topical Term | Christianity and other religions |
| 942 ## - ADDED ENTRY ELEMENTS (KOHA) | |
| Koha item type | Books |
| Home library | Current library | Shelving location | Date acquired | Full call number | Accession Number | Koha item type |
|---|---|---|---|---|---|---|
| Henry Martyn Institute Library | Henry Martyn Institute Library | General stacks | 10/30/2018 | 261.27 HEC | 11003812 | Books |
